Hóa học phân tích 1 Cân bằng ion trong dung dịch

Trình bày đối tượng, nhiệm vụ của phân tích định lượng, biểu diễn và đánh giá kết quả phân tích định lượng, các phép đo chính xác trong phân tích định lượng hóa học, phân tích khối lượng. Đại cương phân tích thể tích. Phương pháp chuẩn độ axit - bazơ, độ tạo phức, độ kết tủa, độ ôxi hóa - khử....

全面介紹

Đã lưu trong:
書目詳細資料
主要作者: Nguyễn Tinh Dung
格式: 圖書
語言:Vietnamese
出版: H. Đại học Sư phạm 2005
主題:
標簽: 添加標簽
沒有標簽, 成為第一個標記此記錄!
Thư viện lưu trữ: Mạng thư viện Đại học Đà Nẵng
LEADER 01360nam a2200301 4500
001 000016338
003 12740
005 20131104151108.0
008 120910s2005 viesd
041 0 |a vie 
082 1 4 |a 543  |b NG-D 
100 1 |a Nguyễn Tinh Dung 
245 1 0 |a Hóa học phân tích 1  |b Cân bằng ion trong dung dịch  |c Nguyễn Tinh Dung 
260 |a H.  |b Đại học Sư phạm  |c 2005 
300 |a 323 tr.  |c 24 cm. 
520 |a Trình bày đối tượng, nhiệm vụ của phân tích định lượng, biểu diễn và đánh giá kết quả phân tích định lượng, các phép đo chính xác trong phân tích định lượng hóa học, phân tích khối lượng. Đại cương phân tích thể tích. Phương pháp chuẩn độ axit - bazơ, độ tạo phức, độ kết tủa, độ ôxi hóa - khử. 
653 |a Hóa phân tích 
653 |a định lượng 
OWN |a LSP 
AVA |a UDN50  |b LSP  |d 543 NG-D  |e check_holdings  |t Error 5003 Not defined in file expand_doc_bib_avail.  |h N  |k 1 
999 |a From the UDN01 
AVA |a UDN50  |b LSP  |d 543 NG-D  |e available  |t Error 5001 Not defined in file expand_doc_bib_avail.  |f 49  |g 0  |h N  |i 8  |k 1 
TYP |a Monograph 
TYP |a Printed language 
980 |a Mạng thư viện Đại học Đà Nẵng